000 00519nam a2200181Ia 4500
999 _c28671
_d28671
003 OSt
005 20210105094713.0
008 190216s9999||||xx |||||||||||||| ||und||
020 _a9788124012710
040 _coclc
082 _a894.812301
_bNAI/P
100 _aNair, K Ramesan
_98121
245 0 _aPolice Katha Prapancham /
_cK Ramesan Nair
260 _bCurrent Books,
_aKottayam:
_c2006.
300 _a135p
650 _aKathakal
942 _cBK
_2ddc
_h894.812301
_iNAI/P
_k894.812301
_mNAI/P